000 00304nam a22001337a 4500
008 170914b xxu||||| |||| 00| 0 eng d
020 _a0500202079
041 _aeng
080 _a7
100 _a44
101 _aART
245 _aTHE RUSSIAN EXPERIMENT IN ART 1863-1922
_cMOTLEY,M.B
942 _2udc
_cBK
999 _c27702
_d27702